|
|
|
|
| LEADER |
01151nam a2200313 a 4500 |
| 001 |
7064439 |
| 008 |
120417t19851965mdu b 000 0 eng |
| 010 |
|
|
|a 66003334
|
| 020 |
|
|
|a 0140430075
|
| 040 |
|
|
|a DLC
|c ICIU
|d DLC
|d BD-DhAAL
|
| 050 |
0 |
0 |
|a PR3403
|b .A1 1966
|
| 082 |
0 |
0 |
|a 823.5
|2 19
|
| 100 |
1 |
|
|a Defoe, Daniel,
|d 1661?-1731.
|
| 245 |
1 |
4 |
|a The life and adventures of Robinson Crusoe /
|c Daniel Defoe ;edited with an introduction by Angus Ross.
|
| 260 |
|
|
|a Baltimore :
|b Penguin Books,
|c 1985
|
| 300 |
|
|
|a 318 p ;
|c 19 cm.
|
| 490 |
0 |
|
|a Penguin English library,
|v EL7
|
| 500 |
|
|
|a Bibliography : p. [311]
|
| 541 |
|
|
|e 00010670
|
| 650 |
|
0 |
|a Crusoe, Robinson (Fictitious character)
|v Fiction.
|
| 650 |
|
0 |
|a Shipwreck survival
|v Fiction.
|
| 650 |
|
0 |
|a Castaways
|v Fiction.
|
| 650 |
|
0 |
|a Islands
|v Fiction.
|
| 655 |
|
7 |
|a Adventure fiction.
|2 gsafd
|
| 700 |
1 |
|
|a Ross, Angus,
|e ed.
|
| 740 |
0 |
|
|a Robinson Crusoe.
|
| 852 |
1 |
|
|a Ayesha Abed Library
|c General shelf.
|
| 999 |
|
|
|c 12081
|d 12081
|
| 952 |
|
|
|0 0
|1 0
|2 ddc
|4 0
|6 823_500000000000000_DEF
|7 0
|9 20041
|a BRACUL
|b BRACUL
|c GEN
|d 2012-04-17
|l 1
|m 1
|o 823.5 DEF
|p 3010010670
|r 2020-01-28
|s 2020-01-20
|t 1
|w 2012-04-17
|y BK
|